000 00705nam a2200217Ia 4500
003 GCL
008 140319s9999 xx 000 0 ara d
040 _aGCL /
_cGCL
082 0 4 _a920.0972
_bب م
100 1 _aكينت ا دراوت
245 1 0 _aمخترعون يزاولون اعمالهم مقابلات مع 16 مخترع ارتلى مشهور /
_cكينت ا دراوت
700 1 _aلوس عليان (مترجم)
260 _a[S.N] :
_bمركز الكتب الاردنى ،
_c1989
300 _a326 ص
490 _a
650 0 4 _aالعلم الحديث
650 0 4 _aالعلم والعلماء
650 0 4 _aالاكتشافات
650 0 4 _aالمخترعون
942 _2ddc
_cBK
999 _c41901
_d41901